La filosofía actual (Registro nro. 4477)

Detalles MARC
000 -LEADER
fixed length control field 00881 a2200217 4500
001 - CONTROL NUMBER
control field 47897
005 - DATE AND TIME OF LATEST TRANSACTION
control field 20260407155744.0
008 - FIXED-LENGTH DATA ELEMENTS--GENERAL INFORMATION
fixed length control field 260407a1955 arg spa d
003 - CONTROL NUMBER IDENTIFIER
control field AR-UNSa-BCEJYS
040 ## - CATALOGING SOURCE
Original cataloging agency AR-UNSa-BCEJYS
Language of cataloging spa
Transcribing agency AR-UNSa-BCEJYS
080 ## - UNIVERSAL DECIMAL CLASSIFICATION NUMBER
Universal Decimal Classification number 101.1
Common auxiliary subdivision Naturaleza de la filosofía. La filosofía como ciencia. La filosofía como arte (pensamiento filosófico)
100 1# - MAIN ENTRY--PERSONAL NAME
Personal name Imaz, Eugenio
245 10 - TITLE STATEMENT
Title La filosofía actual
250 ## - EDITION STATEMENT
Edition statement 3a. ed.
264 #1 - PRODUCTION, PUBLICATION, DISTRIBUTION, MANUFACTURE, AND COPYRIGHT NOTICE
Place of production, publication, distribution, manufacture México :
Name of producer, publisher, distributor, manufacturer Fondo de Cultura Económica
Date of production, publication, distribution, manufacture, or copyright notice 1955
300 ## - PHYSICAL DESCRIPTION
Extent 377 p.
Dimensions 18 cm.
505 ## - FORMATTED CONTENTS NOTE
Formatted contents note 1. La gestación de la Filosofía contemporánea - 2. Filosofía de la materia - 3. Filosofía de la idea - 4. Filosofía de la vida - 5. Filosofía de la esencia - 6. Filosofía de la existencia - 7. Filosofía del ser.
590 ## - LOCAL NOTE (RLIN)
Local note niveau_biblio:m niveau_hierar:0
700 1# - ADDED ENTRY--PERSONAL NAME
Personal name Bochenski, I.M.
942 ## - ADDED ENTRY ELEMENTS (KOHA)
Koha item type
Existencias
Withdrawn status Lost status Damaged status Not for loan Home library Current library Shelving location Date acquired Total checkouts Full call number Barcode Date last seen Price effective from Koha item type
        Biblioteca Prof. Eusebio Cleto del Rey Biblioteca Prof. Eusebio Cleto del Rey   07/04/2026   101.1 B664 3ed. L21103 07/04/2026 07/04/2026 Libro
        Biblioteca Prof. Eusebio Cleto del Rey Biblioteca Prof. Eusebio Cleto del Rey   07/04/2026   101.1 B664 3ed. L20545 07/04/2026 07/04/2026 Libro